Eurovision Song Contest: countries that have never achieved a top10 placing yet - Statistics

General Stats
  • This quiz has been taken 1,339 times
    990 since last reset
  • The average score is 4 of 5
Answer Stats
Hint Answer % Correct
4 San Marino
89%
1 Andorra
84%
6 Slovakia
80%
3 Montenegro
75%
5 Morocco
75%
No matching quizzes found
Score Distribution
Percent of People with Each Score
Percentile by Number Answered
Your Score History
You have not taken this quiz since the last reset